000 00505nam a2200181Ia 4500
005 20250508152818.0
008 008 250505s9999 xx 000 0 hin d
037 _aTextual
040 _aFEDL
_beng
_cFEDL
041 _ahin
_2hin
084 _a901.54, SAH
_qFEDL
100 _aSahani P R
_9762451
245 0 _aAadhunikbharitya sanskriti ka itihas
260 _aBaraily, India
_bPrakash Book Depot
_c1961
300 _a483p
942 _cTEXL
_h901.54, SAH
999 _c1338913
_d1338913